| 000 | 00000cam 2200000zi 4500 |
| 001 | 9.904473 |
| 003 | CaOODSP |
| 005 | 20260226123236 |
| 006 | m o d f |
| 007 | cr cn||||||||| |
| 008 | 211028t20212021oncb ob f000 0 fre d |
| 040 | |aCaOODSP|bfre|erda|cCaOODSP |
| 043 | |an-cn--- |
| 086 | 1 |aP29-003-005-2021F-PDF |
| 245 | 00|aEssence automobile. |
| 250 | |a[Édition d'octobre 2021]. |
| 264 | 1|aOttawa (Ontario) : |bOffice des normes générales du Canada : |bConseil canadien des normes, |c2021. |
| 264 | 4|c©2021 |
| 300 | |a1 ressource en ligne (i, 33 pages) : |bcartes. |
| 336 | |atexte|btxt|2rdacontent/fre |
| 337 | |ainformatique|bc|2rdamedia/fre |
| 338 | |aressource en ligne|bcr|2rdacarrier/fre |
| 490 | 1 |aNorme nationale du Canada ; |vCAN/CGSB-3.5-2021 |
| 500 | |a« Publiée, octobre 2021. » |
| 500 | |a« Expérience et excellence » -- Couverture. |
| 500 | |aRemplace CAN/CGSB-3.5-2016 et le modificatif no 1, janv. 2017. |
| 500 | |aPublié aussi en anglais sous le titre : Automotive gasoline. |
| 504 | |aComprend des références bibliographiques (pages 25-26). |
| 520 | |a« La présente Norme nationale du Canada s’applique à quatre qualités d’essence sans plomb ni phosphore qui sont destinées à être utilisées dans les moteurs à allumage commandé sous diverses conditions climatiques » -- Objet, page 1. |
| 650 | 6|aEssence|xNormes|zCanada. |
| 650 | 6|aEssence|xIndustrie|xNormes|zCanada. |
| 650 | 6|aCarburants|xNormes|zCanada. |
| 710 | 2 |aOffice des normes générales du Canada, |eorganisme de publication. |
| 710 | 2 |aConseil canadien des normes, |eorganisme de publication. |
| 775 | 08|tAutomotive gasoline.|w(CaOODSP)9.904470 |
| 794 | |tEssence automobile.|b[Édition d'août 2023]|w(CaOODSP)9.915665 |
| 795 | |tEssence automobile |b[Édition de mai 2016]|w(CaOODSP)9.839425 |
| 830 | #0|aNorme nationale du Canada ;|vCAN/CGSB-3.5-2021.|w(CaOODSP)9.504227 |
| 856 | 40|qPDF|s3.38 Mo|uhttps://publications.gc.ca/collections/collection_2021/ongc-cgsb/P29-003-005-2021-fra.pdf |
| 986 | |aICS 75.160.20 |